000 00382nam a2200157Ia 4500
003 Ost
005 20260225132538.0
008 260225s9999||||xx |||||||||||||| ||und||
040 _cfsic
041 _afre
082 _a341.5
100 _aGilbert guillaume
_eAuteur
245 0 _aLes grandes crises internationales et le droit /
245 0 _cGilbert guillaume
942 _cكتاب
999 _c33319
_d33319